| 000 | 00694aas a2200181 4500 | ||
|---|---|---|---|
| 999 |
_c50046 _d50046 |
||
| 001 | 768714001 | ||
| 003 | CO-MdFUSB | ||
| 005 | 20170905124757.0 | ||
| 008 | 170905s1994 ag ||||| |||| 00| 0 spa d | ||
| 022 | _a0326-6737 | ||
| 040 |
_aCO-MdFUSB _bspa _cCO-MdFUSB _dCO-MdFUSB |
||
| 041 | _aspa | ||
| 100 | 1 |
_aKalmbach, Pedro _eautor |
|
| 245 | 1 | 0 |
_aCongregación evangélica del alto de Uruguay : _b aspectos étnicos, culturales y religiosos en los confirmandos 1990/1991 y sus familias _c/ Kalmbach, Pedro |
| 300 |
_aVolumen 13. Número 2 (1994), páginas 27-38 _c: 23 cm. |
||
| 773 | 0 |
_tCuadernos de Teología _049404 _959707 _gVolumen 13. Número 2 (1994), páginas 27-38 _qPágina 27 |
|
| 942 | _cANA | ||